000 01336nac a2200301 a 4500
003 CO-PeBPM
005 20260120125350.0
008 260120s2015 ck |||| |||| 00| 0 spa d
020 _a9788420669878
040 _aCO-PeBPM
_bspa
_cCO-PeBPM
_erda
041 _aspa
041 _aeng
082 0 4 _a811 W615h
_222
100 1 0 _aWhitman, Walt
_eautor
245 1 4 _aHojas de hierba
_b: Antología bilingüe
_c/ Walt Whitman; selección, introducción y traducción de Manuel Villar Raso
250 _aTercera reimpresión
260 _aMadrid, España
_b: Alianza Editorial
_c, 2015
300 _a313 páginas
_c18 centimetros
490 _aEl Libro de Bolsillo
_v29
500 _aIncluye índice
500 _aContiene notas al pie de pagina
520 _aLos poemas de Hojas de Hierba están conectados entre sí, cada uno representando la celebración de Whitman de su filosofía de la vida y de la humanidad. Este libro se caracteriza por su alegría y alabanza de los sentidos en un momento en el que las manifestaciones en primera persona y la expresión del uno mismo se consideraba inmoral... tomado de http://bit.ly/2IVj9hH
650 1 4 _aLiteratura estadounidense
_2LEMB
650 1 4 _aPoesía estadounidense
_2LEMB
700 1 _aVillar Raso, Manuel
_etraducción
765 _aLeaves of Grass
942 _2ddc
_cLIT
_n0
999 _c107063
_d107063